Statystyki dla Top 10 państw Afryki z najdłuższą linią brzegową

Kliknij tutaj aby rozwiązać quiz!

Ogólne statystyki

  • Ten quiz został rozwiązany 2 917 razy
  • Średni wynik to 7 z 10

Statystyki odpowiedzi

kmPaństwo% Poprawnych
3,070Republika
Południowej Afryki
98%
3,790Egipt
94%
2,710Maroko
92%
2,440Somalia
87%
5,440Madagaskar
80%
3,840Mozambik
75%
1,910Tanzania
70%
2,190Nigeria
56%
1,900Gabon
25%
1,920Gwinea Bissau
14%

Rozkład punktacji

Percentyl według liczby udzielonych odpowiedzi

Procent ludzi z każdym wynikiem

Twoja historia wyników

Nie rozwiązałeś tego quizu